Statistiken für Kansas City Chiefs Quiz

Klicken Sie hier um das Quiz zu spielen!

Allgemein

  • Dieses Quiz wurde 33 mal gespielt
  • Das Durchschnittsergebnis liegt bei 9 aus 15

Antwortstatistiken

FrageAntwort% Korrekt
Was ist das Besondere am Arrowhead Stadium?lautestes Stadion der NFL
89%
Gegen wen scheiterten die Chiefs im AFC Championship Game in der Saison 2018/2019?New England Patriots
89%
Wie wird Tyreek Hill wegen seiner Geschwindigkeit häufig bezeichnet?Cheetah
85%
Welches der folgenden Teams spielt nicht mit den Chiefs in derselben Division?Los Angeles Rams
85%
In welcher Division der AFC spielen die Chiefs?West
85%
Wer erzielte 2020 die meisten Receiving Yards für das Team und ist die Lieblingsanspielstation von Patrick Mahomes?Travis Kelce
78%
Welches ist das offizielle Maskottchen des Teams?Wolf
74%
Welche Positionsgruppe war im Super Bowl 54 katastrophal und wurde in der Offseason 2021 rundum erneuert?Offensive Line
63%
Wie heißt der Offensive Coordinator des Teams?Eric Bieniemy
59%
In welchem US-Bundesstaat sind die Chiefs zu Hause?Missouri
59%
Welcher Defense-Spieler wird als Honey Badger betitelt?Tyrann Mathieu
56%
An welcher Stelle der ersten Runde drafteten die Chiefs ihren Star-Quarterback Patrick Mahomes 2017?10
41%
Für wen tradeten die Chiefs in der Offseason 2021 ihren First Round Pick zu den Ravens?Orlando Brown
41%
In welchem Jahr gewann die Mannschaft ihren ersten Super Bowl?1969
22%
Wie lautete der Team-Name von 1960 bis 1962?Dallas Texans
11%

Verteilung der Resultate

Perzentil nach korrekt beantworteten Fragen

Anzahl Personen mit jedem Resultat

Ihre Resultats-Entwicklung

Sie haben dieses Quiz noch nicht gespielt